00639 2200205 4500001002100000005001700021008004100038035002500079082001300104090002300117110004800140245003500188260005700223300002400280500003700304650004400341850001200385990001800397990001800415YOGYA-0209000004418520150420170558.0 ind  a0010-020900000044185 a348.9598 aRQ 348.9598bInd H aINDONESIA. [Undang-undang, Peraturan, dsb.] aHimpunan peraturan negara 1982 aJakartabSekretariat Negara republik Indonesiac1982 a... triwulanc30 cm aYang diterima : Triwulan II, III aIndonesia - Undang-undang dan peraturan aYOPDYOG a26692-PD/A.07 a26693-PD/A.07